000 00577cam a2200133 4500500
005 20260111091250.0
041 _afre
042 _adc
245 0 0 _aYagil L., Chrétiens et Juifs sous Vichy (1940-1944). Sauvetage et désobéissance civile, coll. Histoire, Paris, Cerf, 2005, 24x15, II-765 p., 59 €. ISBN 2-204-07585-X
260 _c2005.
500 _a34
786 0 _nNouvelle revue théologique | 127 | 4 | 2005-12-15 | p. 647f-652f | 0029-4845
856 4 1 _uhttps://shs.cairn.info/revue-nouvelle-revue-theologique-2005-4-page-647f?lang=fr&redirect-ssocas=7080
999 _c1620764
_d1620764